Técnicas y fundamentos del contraexamen en el proceso penal chileno
Sparad:
| Huvudupphovsman: | |
|---|---|
| Materialtyp: | Bok |
| Språk: | spanska |
| Publicerad: |
Santiago
Librotecnia
2008
|
| Upplaga: | 1a. ed |
| Ämnen: | |
| Taggar: |
Lägg till en tagg
Inga taggar, Lägg till första taggen!
|
MARC
| LEADER | 00000nam a2200000 a 4500 | ||
|---|---|---|---|
| 001 | UCI9043 | ||
| 003 | CL-VaPUC | ||
| 008 | 081024e20080000CL |||||||||||||||||spa|d | ||
| 020 | |a 9789567950409 | ||
| 082 | 0 | 4 | |a 345.83075 |b VIA |2 21 |
| 100 | 0 | |a Vial Campos, Pelayo |e author |9 532701 | |
| 245 | 1 | 0 | |a Técnicas y fundamentos del contraexamen en el proceso penal chileno |
| 250 | |a 1a. ed | ||
| 300 | |a 322 p | ||
| 942 | |c BK | ||
| 945 | |d 20081024 00:00:00 |a rbrito | ||
| 260 | |a Santiago |b Librotecnia |c 2008 | ||
| 650 | 7 | |a CONTRAEXAMEN |2 CL-VaPUC |9 522544 | |
| 650 | 7 | |a DERECHO PENAL |2 CL-VaPUC |9 11 | |
| 650 | 7 | |a PRUEBA PERICIAL |2 CL-VaPUC |9 258499 | |
| 650 | 0 | |a Derecho procesal penal |9 255496 | |
| 650 | 0 | |a Prueba testimonial |9 370024 | |
| 650 | 7 | |a CONTROL DEL TESTIGO |2 CL-VaPUC |9 532702 | |
| 583 | |a last modification |c 20081024 00:00:00 |k Rodrigo Vera | ||
| 999 | |c 331735 |d 331733 | ||
| 952 | |0 0 |1 0 |4 0 |6 345_830750000000000_VIA_2008 |7 0 |8 A |9 418782 |a BIBDER |b BIBDER |d 2019-11-22 |i 449041K |o 345.83075 VIA 2008 |p 449041K |r 2023-01-25 |w 2019-11-22 |y BK |k DER | ||